10 palabras clave sobre la iglesia

Shranjeno v:
Bibliografske podrobnosti
Glavni avtor: Estrada Díaz, Juan A (Author)
Format: Knjiga
Jezik:španščina
Izdano: Pamplona Verbo Divino 2007
Serija:10 Palabras Clave En-Sobre, 38
Teme:
Oznake: Označite
Brez oznak, prvi označite!

MARC

LEADER 00000nam a2200000 a 4500
001 UCI8204
003 CL-VaPUC
008 080813e20070000SP |||||||||||||||||spa|d
020 |a 9788481697643 
082 0 4 |a 250  |b EST  |2 21 
100 0 |a Estrada Díaz, Juan A  |e author  |9 531711 
245 1 0 |a 10 palabras clave sobre la iglesia 
300 |a 374 p 
942 |c BK 
945 |d 20080813 00:00:00  |a rbrito 
260 |a Pamplona  |b Verbo Divino  |c 2007 
650 0 |a Eclesiología   |9 366152 
650 0 |a Comunicación   |9 257251 
650 0 |a Democracia  |9 255256 
650 0 |a Laicos  |9 255625 
583 |a last modification  |c 20080813 00:00:00  |k Rodrigo Vera 
490 0 |a 10 Palabras Clave En-Sobre, 38 
999 |c 331225  |d 331223 
952 |0 0  |1 0  |4 0  |6 250_000000000000000_EST_2007  |7 0  |8 F  |9 417478  |a BIBTEO  |b BIBTEO  |d 2019-11-22  |i 4472373  |o 250 EST 2007  |p 4472373  |r 2025-01-17  |w 2019-11-22  |y BK_F  |k ICR